[Event "Ch Russia (club)"]
[Site "masterchessopen.com Sochi (Russia)"]
[Date "2008.04.02"]
[Round "1"]
[White "Bu Xiangzhi (CHN)"]
[Black "Zvjaginsev Vadim (RUS)"]
[Result "1-0"]
[WhiteElo "2714"]
[BlackElo "2646"]

{ Bu Xiangzhi (CHN) +0 =0 -1 } 1.d4 Nf6 2.c4 g6 3.Nc3 Bg7 4.e4 d6 5.f3 O-O
6.Nge2 a6 7.Be3 Nc6 8.Qd2 ( 8.d5 Ne5 9.Nd4 c5 10.Nc2 e6 11.a4 exd5 12.cxd5 Nh5
13.Be2 f5 14.exf5 gxf5 15.O-O f4 16.Bf2 Qg5 17.Kh1 Bf5 18.Na3 Rf6 19.Ne4 Bxe4
20.fxe4 Rg6 21.Bf3 Ng3+ 22.Bxg3 fxg3 23.h3 Rf8 24.Rb1 Rh6 25.Nc2 Rh4 26.Qe2
Nxf3 27.Rxf3 Rxf3 { ...0-1, Bu Xiangzhi 2465 - Ye Jiangchuan 2593 , Yangon
1999 It (sheveningen) } ) 8...Bd7 { ?/= } 9.h4 ( 9.Nc1 Qb8 10.Nb3 b6 11.Be2
Rd8 12.O-O Qb7 13.Rfd1 Na5 14.Nxa5 bxa5 15.Rab1 Rab8 16.Qc2 h6 17.b3 Kh7 18.a3
e6 19.Kh1 Ng8 20.d5 f5 21.Bd3 Rf8 22.c5 c6 23.dxe6 Bxe6 24.Bc4 d5 25.exd5 cxd5
26.Nxd5 Rbe8 27.Bg1 f4 28.Nb6 Nf6 { ...1-0, Istratescu Andrei 2593 - Prokopiou
Konstantinos, Kavala 2002 It (open) } ) 9...h5 ( 9...b5 10.h5 bxc4 11.hxg6
fxg6 12.Nf4 e6 13.Bxc4 d5 14.exd5 Na5 15.Bd3 exd5 16.Ncxd5 Nxd5 17.Nxd5 Bb5
18.Be4 Nc4 19.Qb4 Rf7 20.a4 c6 21.axb5 cxd5 22.Bf2 dxe4 23.Qxc4 axb5 { 0-1,
Andersson Bengt - Botvinnik Mikhail 2300 , Stockholm 20. 1.1962 It } ) (
9...Na5 { -0.11 CAP } ) 10.Bh6 { N } ( 10.Nc1 e5 ( 10...Rb8 11.Be2 Na7 12.Nb3
b6 13.O-O-O b5 14.Rdg1 bxc4 15.Bxc4 Nb5 16.Bh6 c5 17.d5 Nxc3 18.bxc3 a5 19.Kc2
a4 20.Nc1 Qa5 21.g4 a3 22.Nb3 Qa4 23.Bxg7 Kxg7 24.Qe2 Bb5 25.Bxb5 Rxb5 26.c4
Rb4 27.Kc3 Rfb8 28.Rb1 hxg4 29.f4 Rxc4+ { ...1/2-1/2, Tanaka C 2166 - Ochsner
B 1879 , Kemer 19.11.2007 Ch World (juniors) (under 14) } ) 11.d5 Ne7 12.Nb3
a5 13.O-O-O Nh7 14.c5 f5 15.Bd3 Kh8 16.Kb1 fxe4 17.fxe4 Ng8 18.cxd6 cxd6
19.Rc1 Ngf6 20.Rc2 Ng4 21.Bb5 a4 22.Nc1 Nhf6 23.Bxd7 Qxd7 24.Bb6 Ra6 25.Bg1
Qf7 26.Rh3 Qe7 27.Qe2 Qd7 28.Nb5 Nxe4 29.Nc7 Nef6 { ...1/2-1/2, Rogozenko
Dorian 2405 - Nalbandian Tigran 2505 , Sas Van Gent 1992 Ch Europe (juniors) }
) ( 10.O-O-O b5 11.Bh6 Kh7 ( 11...bxc4 12.g4 e5 13.d5 Nd4 14.Nxd4 Bxh6 15.Qxh6
exd4 16.Rxd4 hxg4 17.h5 Nxh5 18.e5 gxf3 19.Ne4 dxe5 20.Ng5 Qxg5+ 21.Qxg5 exd4
22.Rxh5 c3 23.bxc3 dxc3 24.Rh1 { 1-0, Wallinger Manfred 2150 - Reichel Alfred
2232 , Bayern 1989 Ch Bayern (b) } ) 12.Bg5 bxc4 13.g4 Nxg4 14.fxg4 Bxg4
15.Bh3 Bxh3 16.Rxh3 Qd7 17.Rg3 Nb4 18.Nf4 f6 19.Nxg6 fxg5 20.Nxf8+ Rxf8 21.Qe2
g4 22.Qxc4 Nc6 23.Rgg1 Rf2 24.Rgf1 Rxf1 25.Rxf1 Nxd4 26.Qf7 Kh6 27.Rf5 Nxf5
28.exf5 Kh7 29.f6 { 1-0, Miles Anthony J 2570 - Jadoul Michel 2360 , Brussels
1986 It (cat.13) } ) ( 10.Nd5 Nh7 11.O-O-O e6 12.Ndf4 e5 13.dxe5 Nxe5 14.Nc3
b6 15.Be2 Be6 16.Nxe6 fxe6 17.f4 Ng4 18.Bxg4 hxg4 19.Qe2 Bxc3 20.bxc3 Qe8
21.e5 dxe5 22.fxe5 Rf5 23.Qxg4 Rxe5 24.Bd4 Rf5 25.Qe4 e5 26.Qd5+ Kf8 27.Be3
Kg7 28.g4 Rf8 29.h5 Nf6 { ...1-0, Elsness Frode 2300 - Nalbandian Tigran 2460
, Cappelle la Grande 1995 It (open) } ) 10...e5 11.O-O-O b5 12.Nd5 ( 12.Bxg7
Kxg7 13.g4 hxg4 14.d5 b4 15.dxc6 bxc3 16.Nxc3 Bxc6 17.fxg4 Nxg4 18.h5 Rh8
19.Bd3 Rxh5 20.Rxh5 gxh5 21.Rh1 Kg6 22.Nd5 Qg5 23.Nxc7 Rc8 24.Nd5 Bxd5
25.exd5+ f5 26.b4 Nf2 27.Qxg5+ Kxg5 28.Rg1+ Kf4 29.Bf1 Ng4 30.Rh1 Ne3 31.Be2
Nxc4 { ...0-1, Cousigne Frederic 2192 - Westerinen Heikki M J 2410 , Benasque
1997 It (open) } ) 12...Re8 { -0.11 CAP N } ( 12...Bxh6 13.Qxh6 bxc4 14.g4
Nxd5 15.exd5 Nb4 16.Ng3 c3 17.Nxh5 gxh5 18.gxh5 Bg4 19.Rg1 f5 20.fxg4 f4
21.bxc3 Nxa2+ 22.Kc2 Qxh4 23.Qg6+ Kh8 24.Bd3 Qe7 25.Qh6+ Kg8 26.Qe6+ { 1-0,
Sadler Matthew 2535 - Nunn John D M 2590 , Hastings 1993 It } ) 13.g4 { ?! } (
13.Bxg7 { !? } 13...Kxg7 14.Nxf6 Qxf6 15.d5 Ne7 16.Qa5 Rec8 { } ) 13...hxg4
14.h5 gxf3 15.hxg6 fxg6 16.Nec3 Nxd4 { ? } ( { ? } 16...Ng4 17.cxb5 Nxd4
18.Bxg7 Kxg7 19.bxa6 f2 20.Kb1 c6 21.Ne3 Qf6 22.Bc4 Rh8 { } ) 17.Bxg7 Kxg7
18.Nxf6 Qxf6 19.Nd5 Qf8 20.Qh6+ Kf7 21.Qg5 Qg7 22.Rxd4 exd4 23.Qf4+ Bf5
24.exf5 g5 25.Qg4 Re1+ { ? } ( 25...Qe5 26.Qh5+ Kf8 27.Qxf3 c6 28.Nc7 g4 { } )
26.Kd2 Rae8 27.Qh5+ { } {#r} 1-0

[Event "It (open)"]
[Site "masterchessopen.com Halkidiki (Greece)"]
[Date "2008.05.05"]
[Round "9"]
[White "Vragoteris Antonios (GRE)"]
[Black "Georgiev Krum (BUL)"]
[Result "0-1"]
[WhiteElo "2267"]
[BlackElo "2453"]

1.d4 g6 2.c4 Bg7 3.e4 d6 4.Nc3 Nc6 5.Nge2 Nf6 6.f3 O-O 7.Be3 a6 8.Qd2 Bd7
9.O-O-O b5 10.Bh6 bxc4 11.h4 e6 12.h5 Qe7 13.Bxg7 Kxg7 14.hxg6 fxg6 15.Qh6+
Kg8 16.Nf4 Rab8 17.a3 Qf7 18.Bxc4 Ng4 19.fxg4 Qxf4+ 20.Kb1 Qxh6 21.Rxh6 Rf2
22.Ne2 Na5 23.Bxa6 Bb5 24.Bxb5 Rxb5 25.Re1 Nc4 26.b4 c5 27.dxc5 dxc5 28.Ka2
cxb4 29.Kb3 Nd2+ 30.Ka4 Rb7 31.axb4 Rf8 32.b5 Nxe4 33.Nd4 {#R} 0-1

[Event "Memorial T.Petrosian (juniors)"]
[Site "masterchessopen.com Moscow (Russia)"]
[Round "4"]
[White "Skakun Valentina (RUS)"]
[Black "Kovalev Evgeny (RUS)"]
[Result "0-1"]
[WhiteElo "1829"]
[BlackElo "2220"]

1.d4 Nf6 2.c4 g6 3.Nc3 Bg7 4.e4 d6 5.f3 O-O 6.Be3 Nc6 7.Qd2 a6 8.Nge2 Bd7 9.g4
b5 10.h4 bxc4 11.h5 Qb8 12.hxg6 fxg6 13.Ng3 Rf7 14.Bxc4 e6 15.g5 Ne8 16.f4 Na5
17.Bd3 Bb5 18.Nxb5 axb5 19.Qh2 Bxd4 20.Bxd4 Nb3 21.f5 Nxd4 22.Kd1 exf5 23.exf5
Nf3 24.Qh6 Qa7 25.fxg6 Rg7 26.gxh7+ Kh8 27.Ne2 Qe3 28.Kc2 Qd2+ 29.Kb3 Qxd3+
30.Nc3 Nd4+ 31.Kb4 c5# 0-1

[Event "It (open)"]
[Site "masterchessopen.com Bad Woerishofen (Germany)"]
[Date "2009.03.10"]
[Round "6"]
[White "Zakharchenko Arnold (UKR)"]
[Black "Zunker Reinhard Dr (GER)"]
[Result "1/2-1/2"]
[WhiteElo "2291"]
[BlackElo "2179"]

1.d4 Nf6 2.c4 g6 3.Nc3 Bg7 4.e4 d6 5.f3 O-O 6.Be3 a6 7.Nge2 Nc6 8.Qd2 Bd7 9.g4
h5 10.h3 e5 11.d5 Na5 12.Nc1 b6 13.Bg5 Qe8 14.Bd3 b5 15.cxb5 axb5 16.b4 Nc4
17.Bxc4 bxc4 18.N1e2 Nh7 19.gxh5 Nxg5 20.Qxg5 Qd8 21.h4 Bf6 22.Qg3 Kg7 23.hxg6
fxg6 24.O-O-O Rh8 25.h5 Bg5+ 26.Kb2 Rxh5 27.Rxh5 gxh5 28.Rh1 Kh6 29.f4 exf4
30.Nxf4 Bxf4 31.Qxf4+ Qg5 32.Qh2 Rf8 {#d} 1/2-1/2

[Event "It (open)"]
[Site "masterchessopen.com Liberec (Czech Republic)"]
[Round "9"]
[White "Broekman Willem (NED)"]
[Black "Strebkovs Andrejs (LAT)"]
[Result "0-1"]
[WhiteElo "2129"]
[BlackElo "2371"]

1.d4 Nf6 2.c4 g6 3.Nc3 Bg7 4.e4 d6 5.f3 O-O 6.Be3 Nc6 7.Nge2 a6 8.Qd2 Bd7 9.g4
b5 10.Ng3 e5 11.d5 Nd4 12.Be2 bxc4 13.h4 c6 14.h5 cxd5 15.g5 Ne8 16.Nxd5 Be6
17.Bxd4 Bxd5 18.Bc3 Be6 19.O-O-O Qb6 20.hxg6 fxg6 21.Rh2 Rf7 22.Rdh1 Bf8 23.f4
Rxf4 24.Rxh7 Bg7 25.Nf5 gxf5 26.exf5 Bxf5 27.Qd5+ Kf8 28.Rxg7 Nxg7 29.Qxa8+
Kf7 30.Rh8 Qg1+ 31.Bd1 Qxg5 32.Bh5+ Qxh5 33.Rxh5 Nxh5 34.Qxa6 Ng3 35.Qa7+ Kf6
36.Qc7 Rf1+ 37.Kd2 Ne4+ 38.Ke3 Rh1 39.Qd8+ Kf7 40.Qc7+ Kf6 41.Qxc4 Rh3+ 42.Ke2
Bg4+ 43.Kf1 Bf3 44.Bxe5+ Kxe5 45.Qb5+ d5 {#R} 0-1

[Event "Oberliga East B 2009/10"]
[Site "masterchessopen.com Germany"]
[Date "2009.11.29"]
[Round "4"]
[White "Schmuck Helmut (GER)"]
[Black "Hrubesch Andreas"]
[Result "1/2-1/2"]
[WhiteElo "2077"]
[BlackElo "1849"]

1.d4 Nf6 2.c4 g6 3.Nc3 Bg7 4.e4 O-O 5.f3 d6 6.Be3 Nc6 7.Nge2 a6 8.Qd2 Bd7 9.d5
Na7 10.Nd4 c5 11.Nc2 b5 12.cxb5 Nxb5 13.Nd1 a5 14.Be2 a4 15.Rc1 Qa5 16.Qxa5
Rxa5 17.O-O Rb8 18.Bc4 Be8 19.b4 axb3 20.axb3 Nd7 21.b4 Raa8 22.bxc5 Nxc5
23.Bxc5 dxc5 24.f4 Nd6 25.Bd3 c4 26.Be2 Nxe4 27.Nce3 c3 28.Bf3 Nd2 29.Rf2 Rc8
30.Bg4 f5 31.Bh3 Ne4 32.Re2 Bb5 33.Re1 h5 34.Nxf5 gxf5 35.Bxf5 Bd4+ 36.Kh1
Nf2+ 37.Nxf2 Bxf2 38.Bxc8 Bxe1 39.Be6+ Kg7 40.Rxe1 Ra2 41.d6 Rd2 42.dxe7 c2
43.Bb3 Bc6 44.h4 Rxg2 45.e8=Q Re2+ 46.Qxc6 Rxe1+ 47.Kg2 c1=Q 48.Qd7+ Kh6
49.Qd6+ {#d} 1/2-1/2

[Event "It \"]
[Site "masterchessopen.com Chalkidiki (Greece)"]
[Date "2010.08.17"]
[Round "9"]
[White "Sandipan Chanda (IND)"]
[Black "Moradiabadi Elshan (IRI)"]
[Result "0-1"]
[WhiteElo "2641"]
[BlackElo "2578"]

1.d4 Nf6 2.c4 g6 3.Nc3 Bg7 4.e4 d6 5.f3 O-O 6.Nge2 a6 7.Be3 Nc6 8.Qd2 Bd7 9.g4
b5 10.h4 Re8 11.h5 b4 12.Nd5 e5 13.Bh6 Bh8 14.Bg5 exd4 15.Ng1 Re5 16.Bf4 Bg7
17.Bxe5 Nxe5 18.h6 Bh8 19.g5 Nxd5 20.cxd5 f5 21.O-O-O fxe4 22.fxe4 d3 23.Bxd3
Nxd3+ 24.Qxd3 Qxg5+ 25.Qd2 Qg4 26.Nh3 Qxe4 27.Qf4 Qe5 28.Qxe5 Bxe5 29.Nf2 Bf5
30.Nd3 Bf6 31.Kc2 a5 32.Rhf1 a4 33.Rf4 Ra5 34.b3 axb3+ 35.Kxb3 Rxd5 36.Kxb4
Bg5 37.Rc4 Bxd3 38.Rxc7 Bxh6 39.a4 Bf8 40.a5 Rb5+ 41.Kc3 Be2 42.Re1 Bg7+
43.Kd2 Rb2+ 44.Rc2 Rxc2+ 45.Kxc2 Bc4 46.Re8+ Kf7 47.Rc8 Bf1 48.Rc7+ Kf6 49.Rd7
d5 50.Rxd5 Ke6 51.Rd1 Ba6 52.Rd8 Be5 53.Ra8 Bb7 54.Ra7 Be4+ 55.Kd2 h5 56.Ke3
Bc6 57.a6 Bh2 58.Rh7 Kf5 59.Rf7+ Kg5 60.Rf1 Bb8 61.Rf7 Bh2 62.Rf1 h4 63.Kf2
Bg3+ 64.Ke2 Bb5+ 65.Kf3 Bxf1 {#R} 0-1

[Event "It \"]
[Site "masterchessopen.com Kemerovo (Russia)"]
[Date "2010.08.24"]
[Round "6"]
[White "Fanaskov Artem (RUS)"]
[Black "Chigaev Maksim (RUS)"]
[Result "0-1"]
[WhiteElo "2037"]
[BlackElo "2266"]

1.d4 Nf6 2.c4 g6 3.Nc3 Bg7 4.e4 O-O 5.Be3 d6 6.f3 Nc6 7.Qd2 a6 8.Nge2 Bd7 9.g4
Rb8 10.Ng3 e5 11.d5 Nd4 12.Bg2 c5 13.O-O b5 14.cxb5 axb5 15.Nce2 Qb6 16.Kh1 b4
17.Nxd4 exd4 18.Bh6 Ne8 19.Bh3 c4 20.Bxg7 Nxg7 21.Qh6 d3 22.Nf5 Bxf5 23.gxf5
Qd4 {#R} 0-1

[Event "Ch Romania (team)"]
[Site "masterchessopen.com Baile Herculane (Romania)"]
[Date "2010.09.05"]
[Round "2"]
[White "Balla Tamas (ROM)"]
[Black "Fedorov Alexei (BLR)"]
[Result "1/2-1/2"]
[WhiteElo "2375"]
[BlackElo "2599"]

1.d4 Nf6 2.c4 g6 3.Nc3 Bg7 4.e4 d6 5.f3 O-O 6.Be3 Nc6 7.Nge2 a6 8.Qd2 Bd7 9.g4
b5 10.cxb5 axb5 11.Nxb5 Na5 12.Na3 Qb8 13.Nc3 c5 14.dxc5 Be6 15.cxd6 exd6
16.Bb5 Rd8 17.Bf4 Qb7 18.O-O d5 19.e5 Nd7 20.Bxd7 Rxd7 21.Ncb5 Nc4 22.Nxc4
Qxb5 23.Nd6 Qb6+ 24.Kh1 f6 25.Be3 Qd8 26.exf6 Bxf6 27.Nb5 d4 28.Bf4 Bc4 29.Qb4
Bxf1 30.Rxf1 Qe7 31.Nd6 Qe2 32.Kg1 d3 33.Qc4+ Kg7 34.Rf2 Qe1+ 35.Kg2 Qe7
36.Qxd3 Rxa2 37.Qb3 Ra1 38.Ne4 g5 39.Bd2 Rb7 40.Qc4 Rc7 41.Qd5 Rd1 42.Nxf6
Qxf6 43.Qb3 Rb1 44.Bc3 Qxc3 45.Qxc3+ Rxc3 46.bxc3 Rc1 47.Ra2 Rxc3 48.Ra6 h6
49.Kg3 Rb3 50.Kg2 Rb2+ 51.Kg3 Rb3 52.Ra5 Kg6 53.Rf5 h5 54.h4 {#d} 1/2-1/2

[Event "Ch India (challengers)"]
[Site "masterchessopen.com Bhiwani (India)"]
[Date "2010.09.19"]
[Round "6"]
[White "Jaiswal Puneet (IND)"]
[Black "Tiwari Arjun (IND)"]
[Result "0-1"]
[WhiteElo "2261"]
[BlackElo "2324"]

1.d4 Nf6 2.c4 g6 3.Nc3 Bg7 4.e4 d6 5.f3 O-O 6.Nge2 Nc6 7.Be3 a6 8.Qd2 Bd7 9.g4
b5 10.cxb5 axb5 11.Nxb5 e5 12.d5 Na5 13.Nec3 Nb3 14.Qd1 Nxa1 15.Qxa1 c6
16.dxc6 Bxc6 17.Qd1 d5 18.g5 d4 19.gxf6 Qxf6 20.Bf2 dxc3 21.Nxc3 Rfb8 22.Bc4
Rxb2 23.O-O Rd8 24.Nd5 Bxd5 25.Bxd5 Bh6 26.a4 Rc8 27.Bg3 Be3+ 28.Kh1 Rc1 {#R}
0-1

[Event "Ch Armenia (1 liga)"]
[Site "masterchessopen.com Kajaran (Armenia)"]
[Date "2011.08.20"]
[Round "3"]
[White "Aghasaryan Robert (ARM)"]
[Black "Grigoryan Karen H (ARM)"]
[Result "1/2-1/2"]
[WhiteElo "2337"]
[BlackElo "2473"]

1.d4 Nf6 2.c4 g6 3.Nc3 Bg7 4.e4 d6 5.f3 O-O 6.Nge2 Nc6 7.Be3 a6 8.Qd2 Bd7
9.Rc1 b5 10.Ng3 b4 11.Nd5 a5 12.Nxf6+ Bxf6 13.f4 e5 14.fxe5 dxe5 15.d5 Nd4
16.c5 b3 17.Bc4 Nc2+ 18.Rxc2 bxc2 19.O-O Bc8 20.Qxc2 Bg5 21.Bf2 Ba6 22.Bxa6
Rxa6 23.Ne2 f5 24.c6 fxe4 25.Qxe4 Ra8 26.Rd1 Qd6 27.Nc3 Rab8 28.Qe2 Qb4
29.Qxe5 Qe7 30.Qxe7 Bxe7 31.b3 Bb4 32.Bd4 Rbd8 33.Be5 Rde8 34.Bd4 Rf5 35.Nb5
Rc8 36.Ba7 Rf7 37.h3 Rd8 38.Bf2 Bf8 39.a4 h5 40.h4 Bb4 41.Nxc7 Rxc7 42.Bb6
Bc5+ 43.Bxc5 Rxc6 44.Be7 Rd7 45.d6 Rb6 46.Rd3 Rb4 47.Kf2 Re4 48.Rd5 Rb4 49.Rd3
Rg4 50.g3 Kf7 51.Ke2 Ke6 52.Kd2 Re4 53.Kc3 Rg4 54.Kc2 Re4 {#d} 1/2-1/2

[Event "Ch Europe (juniors) (under 14)"]
[Site "masterchessopen.com Albena (Bulgaria)"]
[Date "2011.09.20"]
[Round "9"]
[White "Stremavicius Titas (LTU)"]
[Black "Codenotti Marco (ITA)"]
[Result "1-0"]
[WhiteElo "2094"]
[BlackElo "2323"]

1.d4 Nf6 2.c4 g6 3.Nc3 Bg7 4.e4 d6 5.f3 O-O 6.Be3 Nc6 7.Nge2 a6 8.Qd2 Bd7
9.Bh6 Bxh6 10.Qxh6 e5 11.d5 Na5 12.Nc1 c5 13.dxc6 Nxc6 14.Qd2 Be6 15.Nb3 b5
16.cxb5 axb5 17.Bxb5 Nb4 18.Nc1 d5 19.exd5 Bf5 20.Nd3 Nbxd5 21.Nf2 Nb4 22.Qxd8
Nc2+ 23.Kf1 Rfxd8 24.Rc1 Ne3+ 25.Ke2 Nxg2 26.Rhd1 Nf4+ 27.Ke1 Ng2+ 28.Ke2 Nh5
29.Nfe4 Bxe4 30.fxe4 f5 31.Kf2 Ngf4 32.Rxd8+ Rxd8 33.Rd1 Rd4 34.exf5 Nh3+
35.Kf1 Rg4 36.fxg6 Rg1+ 37.Ke2 Rg2+ 38.Kf3 Rf2+ 39.Kg4 Rg2+ 40.Kf5 Rg5+ 41.Ke6
N5f4+ 42.Kd6 Nxg6 43.a4 Nh4 44.a5 Nf5+ 45.Kc7 {#r} 1-0

[Event "It \"]
[Site "masterchessopen.com St. Petersburg (Russia)"]
[Date "2011.11.19"]
[Round "1"]
[White "Shukh Nikolai (RUS)"]
[Black "Chigaev Maksim (RUS)"]
[Result "1/2-1/2"]
[WhiteElo "2413"]
[BlackElo "2337"]

1.d4 Nf6 2.c4 g6 3.Nc3 Bg7 4.e4 O-O 5.Be3 d6 6.f3 Nc6 7.Nge2 a6 8.Qd2 Bd7
9.Rc1 Rb8 10.Nd1 e5 11.d5 Ne7 12.g4 c5 13.Ng3 b5 14.h4 bxc4 15.h5 Qb6 16.Bxc4
Bb5 17.b3 Ne8 18.Bh6 f6 19.hxg6 hxg6 20.Ne3 Kf7 21.g5 Rh8 22.Ng4 Ng8 23.Bxg7
Rxh1+ 24.Nxh1 Kxg7 25.Ng3 fxg5 26.Kf2 Nef6 27.Qxg5 Nxg4+ 28.Qxg4 Nf6 29.Qg5
Kf7 30.Rg1 Rg8 31.Rc1 Qa5 32.a4 Bxc4 33.Rxc4 Rh8 34.Kg2 Qd8 35.f4 exf4 36.Qxf4
Qd7 37.Rc3 Qh3+ 38.Kg1 Qh2+ 39.Kf1 Qb2 40.Rf3 Rh2 41.Rf2 Qb1+ 42.Ke2 Qc2+
43.Ke1 Qc3+ 44.Kf1 Rxf2+ 45.Kxf2 Qxb3 46.Kg2 Qb2+ 47.Kf1 Qe5 48.Qxe5 dxe5
49.Ke2 Ne8 50.Kd3 Nd6 51.Nf1 c4+ 52.Ke3 g5 53.Nh2 c3 54.Ng4 c2 55.Nxe5+ Ke7
56.Kd2 Nxe4+ 57.Kxc2 Nf6 58.Kd3 Nxd5 59.Kd4 Ke6 60.a5 Nf6 61.Nc6 g4 62.Nb4 g3
63.Ke3 Nd5+ 64.Nxd5 Kxd5 65.Kf3 Kc5 66.Kxg3 Kb4 67.Kf2 Kxa5 68.Ke2 Kb4 69.Kd2
a5 {#d} 1/2-1/2

[Event "Tournament (open) \"]
[Site "masterchessopen.com Uljanovsk (Russia)"]
[Round "1"]
[White "Sadykov Rustem (RUS)"]
[Black "Pegov Valery (RUS)"]
[Result "1-0"]
[WhiteElo "2111"]
[BlackElo "1566"]

1.d4 g6 2.c4 Bg7 3.Nc3 Nf6 4.e4 d6 5.f3 a6 6.Be3 O-O 7.Qd2 Nc6 8.Nge2 Bd7
9.Nc1 Rb8 10.Nb3 e5 11.d5 Ne7 12.Bd3 c5 13.a4 b6 14.g4 Rc8 15.Qe2 Rb8 16.Nd2
Ne8 17.h4 f6 18.Rb1 Nc7 19.b4 Na8 20.Nf1 Qc7 21.Ng3 b5 22.axb5 axb5 23.bxc5
bxc4 24.Bxc4 Qa5 25.Qd2 Rb4 26.Rxb4 Qxb4 27.Qd3 Rb8 28.O-O Qa3 29.c6 Bc8
30.Nb5 Qxd3 31.Bxd3 Ba6 32.Rb1 Nc8 33.Ne2 Nab6 34.Nec3 h5 35.Ra1 Bxb5 36.Nxb5
f5 37.Bxb6 Nxb6 38.Nxd6 fxe4 39.fxe4 Bf8 40.c7 {#r} 1-0

[Event "Ch Europe"]
[Site "masterchessopen.com Plovdiv (Bulgaria)"]
[Date "2012.03.27"]
[Round "7"]
[White "Ben Arzi Ido (ISR)"]
[Black "Andok Claus Michael (GER)"]
[Result "1-0"]
[WhiteElo "2284"]
[BlackElo "2116"]

1.d4 Nf6 2.c4 g6 3.Nc3 d6 4.e4 Bg7 5.f3 Nc6 6.Be3 a6 7.Nge2 Bd7 8.Qd2 O-O
9.Rc1 Rb8 10.b3 b5 11.cxb5 axb5 12.d5 Ne5 13.Nd4 b4 14.Ncb5 Ne8 15.Be2 f5
16.exf5 gxf5 17.O-O Ra8 18.Rc2 Kh8 19.Rfc1 Ng6 20.Nxc7 Nxc7 21.Rxc7 f4 22.Bf2
Be5 23.Qxb4 Rxa2 24.Qb7 {#r} 1-0

[Event "Tournament (open) \"]
[Site "masterchessopen.com Ulan Ude (Russia)"]
[Date "2012.07.27"]
[Round "5"]
[White "Podberezko Pavel"]
[Black "Rinchinov Beligto"]
[Result "0-1"]
[WhiteElo "2159"]
[BlackElo "2033"]

1.d4 Nf6 2.c4 g6 3.f3 Bg7 4.e4 d6 5.Nc3 O-O 6.Be3 Nc6 7.Nge2 a6 8.Qd2 Bd7
9.Rc1 b5 10.c5 dxc5 11.d5 Ne5 12.Bxc5 Nc4 13.Qc2 Bh6 14.Ra1 c6 15.b3 Ne3
16.Qd3 Nxf1 17.Kxf1 cxd5 18.Nxd5 Nxd5 19.Qxd5 Be6 20.Qxd8 Rfxd8 21.Bxe7 Rd2
22.Bb4 Rb2 23.Bc3 Rc2 24.Kf2 Rc8 25.Bd4 a5 26.Rhb1 a4 27.g4 Rd8 28.Bc3 Rd3
29.Bb4 Bg5 30.Rd1 Bh4+ 31.Kf1 Rxf3+ 32.Kg2 Bxg4 {#R} 0-1

[Event "Ch Romania (team) (1 liga)"]
[Site "masterchessopen.com Olanesti (Romania)"]
[Date "2012.10.11"]
[Round "6"]
[White "Andronescu Madalin (ROM)"]
[Black "Pessi Emil-George (ROM)"]
[Result "0-1"]
[WhiteElo "2032"]
[BlackElo "2183"]

1.d4 Nf6 2.c4 g6 3.Nc3 Bg7 4.e4 d6 5.Be3 O-O 6.f3 Nc6 7.Nge2 a6 8.Qd2 Bd7 9.g4
b5 10.cxb5 axb5 11.Nxb5 Na5 12.Na3 c5 13.dxc5 Nc6 14.Nc4 Be6 15.Nf4 d5 16.Nxe6
fxe6 17.Nb6 dxe4 18.Bc4 exf3 19.Bxe6+ Kh8 20.O-O-O Qc7 21.Nxa8 Rxa8 22.Bh6
Bxh6 23.Qxh6 Qe5 24.Rhe1 Qxc5+ 25.Kb1 g5 26.Bf5 f2 27.Re6 Qc4 28.Rxf6 Qxa2+
29.Kc1 Qc4+ 30.Kd2 Rd8+ 31.Ke3 Qf4+ {#R} 0-1